| 000 | 01358cad a22002295a 4500 | ||
|---|---|---|---|
| 001 | L153048 | ||
| 008 | 110527s2009 xxkad f v 000 0 eng d | ||
| 035 | _a(Sirsi) u153048 | ||
| 041 | _aeng | ||
| 050 | 0 | 4 | _a346.4104342 $2 18 |
| 100 | 1 | _aCalvert, John | |
| 245 | 0 | 4 |
_aThe Loughborough report 2009 _bcommercial property service charges _h[electronic resource] |
| 260 |
_aLoughborough _bLoughborough University Enterprises _c2009 |
||
| 520 | _aUpdates the expanded 2008 report (L146764) and includes more than the annual insight into into service charge costs and management performance. Looks again at how the UK multi-let office industry has responded to the RICS Code of practice: service charges in commercial property which came into force in April 2007. Also focuses on interest in service charge accounting, the impact of VAT and highlights some facts about air conditioning. | ||
| 590 | _aKA | ||
| 650 | 2 | 4 | _aLOUGHBOROUGH REPORT ON COMMERCIAL PROPERTY SERVICE CHARGES |
| 651 | 4 |
_aUnited Kingdom _y |
|
| 690 | _aPROPERTY-COMMERCIAL PROPERTY-OFFICE PROPERTY-OFFICES | ||
| 690 | _aPROPERTY-COMMERCIAL PROPERTY-COMMERCIAL LANDLORD AND TENANT-COMMERCIAL SERVICE CHARGES | ||
| 856 | 4 | 0 |
_uhttps://www.property-solutions.co.uk/site_media/uploads/2009_loughborough_report.pdf _zView the item free of charge at www.property-solutions.co.uk |
| 942 | _n0 | ||
| 999 |
_c112348 _d112348 |
||